NFL: Top 3 Most Receptions in Each Draft Round (2025) - Statistics

General Stats
  • This quiz has been taken 40 times
  • The average score is 8 of 20
Answer Stats
Round # Player Catches College % Correct
First Round 14th Tyler Warren 19 Penn State
84%
First Round 19th Emeka Egbuka 18 Ohio State
81%
First Round 8th Tetairoa McMillan 18 Arizona
81%
Third Round 67th Harold Fannin Jr. 17 Bowling Green
59%
Second Round 38th TreVeyon Henderson 13 Ohio State
56%
Fourth Round 105th Cam Skattebo 12 Sacramento State / Arizona State
50%
Fourth Round 136th Elic Ayomanor 12 Stanford
50%
Seventh Round 228th Brashard Smith 3 Miami / SMU
38%
Third Round 79th Jaylin Noel 3 Iowa State
34%
Seventh Round 233rd Kyle Monangai 3 Rutgers
34%
Sixth Round 179th Ollie Gordon II 2 Oklahoma State
34%
Second Round 42nd Mason Taylor 11 LSU
31%
Second Round 60th RJ Harvey 9 Virginia / UCF
31%
Fifth Round 166th Tory Horton 6 Nevada / Colorado State
31%
Seventh Round 245th Jacory Croskey-Merritt 3 Alabama State / New Mexico / Arizona
28%
Third Round 87th Savion Williams 4 TCU
25%
Fourth Round 126th Dylan Sampson 11 Tennessee
22%
Fifth Round 165th Oronde Gadsden II 7 Syracuse
19%
Fifth Round 163rd Mitchell Evans 5 Notre Dame
16%
Seventh Round 236th LeQuint Allen 3 Syracuse
13%
No matching quizzes found
Score Distribution
Percent of People with Each Score
Percentile by Number Answered
Your Score History
You have not taken this quiz